000 00948nam a22002537a 4500
005 20170124103028.0
010 _aA-804345
020 _c75.00
_a8170168080
035 _aA-804345
037 _bCen Lib/Ret
040 _aDPL
_bHN
082 _a
_bरामल
100 _aरामलाल
_9500
245 _aचुनिन्दा कहानियां /
_cरामलाल
246 _aChuninda kahaniyan /
_bby Ramlal
260 _a नयी दिल्ली
_bकिताबघर
_c1996
270 _b नयी दिल्ली
_a24, अंसारी रोड, दरयागंज
_e110002
300 _a120पृ.
_c19सेमी (सजिल्द)
650 _aहिन्दी साहित्य
_962904
650 _a हिंदी कहानियां
_92082
650 _aHindi literature
_962905
650 _aHindi stories
_962906
942 _2ddc
_cHN
_h
_mरामल
999 _c115720
_d115720